01215nab a22002297a 4500003000400000005001700004008004100021040000700062100002800069245012300097260007300220300001500293500007500308505015000383505012900533505008900662650002600751650002500777650002900802650001800831773013600849OSt20260131202724.0190603e xxum|||| |||| 00| 0 spa d cPJ aNager, María Agustina10aEvaluación y cuantificación del daño en el Código Civil y Comercial de la Nación /cMaría Agustina Nager.  cCiudad Autónoma de Buenos Aires :aThomson Reuters La Ley, b2025. ap. 196-200 aCita: TR LALEY AR/DOC/2797/2025 Publicado en: RCCyC 2025 (Diciembre). aSumario: I. Prólogo.— II. Sumario del caso.— III. Cuantificación del daño por incapacidad sobreviniente.— IV. Apreciaciones finales.  aFallo comentado: CNCiv., sala A ~ 18/07/2025 ~ Garayo Galeano, Adalberto c. Simón, Carlos y otro s/ daños y perjuicios. t¿Te interesa el texto completo? Solicitalo al correo: koha@justierradelfuego.gov.ar 0aRESPONSABILIDAD CIVIL 0aDAÑOS Y PERJUICIOS 0aRESPONSABILIDAD OBJETIVA 0aINDEMNIZACION0 02713dCiudad Autónoma de Buenos Aires : Thomson Reuters La Ley, 2015-tRevista Código Civil y Comercial. Nº 6 - Diciembre 2025